Coordination (Record no. 11297)
[ view plain ]
| 000 -LEADER | |
|---|---|
| fixed length control field | 00245nam a22000977a 4500 |
| 008 - FIXED-LENGTH DATA ELEMENTS--GENERAL INFORMATION | |
| fixed length control field | 190205b ||||| |||| 00| 0 eng d |
| 020 ## - INTERNATIONAL STANDARD BOOK NUMBER | |
| International Standard Book Number | 9781841260631 |
| 100 ## - MAIN ENTRY--PERSONAL NAME | |
| Personal name | Buschmann |
| 9 (RLIN) | 7039 |
| 245 ## - TITLE STATEMENT | |
| Title | Coordination |
| 260 ## - PUBLICATION, DISTRIBUTION, ETC. (IMPRINT) | |
| Place of publication, distribution, etc. | UK |
| Name of publisher, distributor, etc. | Meyer & Meyer Sport |
| Date of publication, distribution, etc. | 2002 |
| Withdrawn status | Lost status | Source of classification or shelving scheme | Damaged status | Koha normalized classification for sorting | Not for loan | Home library | Current library | Shelving location | Date acquired | Total Checkouts | Full call number | Barcode | Date last seen | Date last checked out | Price effective from | Koha item type |
|---|---|---|---|---|---|---|---|---|---|---|---|---|---|---|---|---|
| Dewey Decimal Classification | 796_000000000000000_L1 | Good Samaritan School Library | Good Samaritan School Library | Sports & Games | 02/05/2019 | 2 | 796 L-1 | BUS15232 | 08/07/2019 | 07/31/2019 | 02/05/2019 | BOOK |